00545cam a22001457a 4500008004000000082001800040100003600058245011400094260004800208300001000256500002900266650002800295700004500323700003100368180718b2002 xxu||||| |||| 00| 0 eng d aLx5412 F/2002 aWest Bengal. Finance Commission aReport of the Second State Finance Commission, West Bengal, 2002cby Finance Department (Budget), West Bengal aCalcuttabFinance Department (Budget)c2002 a251p. aChairman: Deb Kumar Basu aFinance, Public - India aWest Bengal. Finance Department (Budget) aBasu, Deb Kumar (Chairman)